| 000 | 00500nam a2200169Ia 4500 | ||
|---|---|---|---|
| 999 |
_c36228 _d36228 |
||
| 003 | OSt | ||
| 005 | 20201215112124.0 | ||
| 008 | 190216s9999||||xx |||||||||||||| ||und|| | ||
| 040 | _coclc | ||
| 082 |
_a894.8125 _bKOY/N |
||
| 100 |
_a Koya, C H Muhammed _91956 |
||
| 245 | 0 |
_aNiyamasabha Prasangangal / _cC H Muhammed Koya |
|
| 260 |
_bPoorna Publications, _c1993. _aKozhikode: |
||
| 300 | _a1021p | ||
| 650 | _aPolitics | ||
| 942 |
_cREF _2ddc _h894.8125 _iKOY/N _k894.8125 _mKOY/N |
||